000 00376nam a2200133Ia 4500
005 20251222141955.0
008 251222s9999||||xx |||||||||||||| ||spa||
082 _a352.085/D81/2000
100 _aVega Carreazo, Rudecindo
245 0 _aDirectorio de Alcaldes y Municipalidades de Perú 1999-2002
250 _a2a.ed.
264 _bAsociación Civil Transparencia
942 _cLIB
999 _c9809
_d9809